000 00404nam a22001697a 4500
003 CEME
005 20210628202446.0
008 210315b xxu||||| |||| 00| 0 eng d
020 _a0-07-037933-5
040 _c.
082 _a621.815 LIN'M
100 _aLingaiah, K
_910011
245 _aMachine design data hadbook
260 _aNEWYORK
_bMCGRAW HILL
_c1994
300 _a25.115P
942 _cBK
_2ddc
999 _c569841
_d569841